| 000 | 00403nam a22001337a 4500 | ||
|---|---|---|---|
| 040 | _cNUST | ||
| 082 | _a200 THE | ||
| 100 |
_aSammia Tariq _9102582 |
||
| 110 |
_aSupervisor Dr. Mojeeb Bin Ishan _9102583 |
||
| 245 | _aTH-SOF-2106-Wideband and Multiband Metamaterial Based Microwave Passive Components | ||
| 260 |
_aISLAMABAD: _bNUST COLLEGE OF EME, _c2022. |
||
| 650 | _aMS-ELECT-19 | ||
| 942 |
_2ddc _cTHE |
||
| 999 |
_c592295 _d592295 |
||